Sports Quiz

Random Sports or MLB Quiz
Score 0/22 Timer 05:00
1 Play Today
Hint Answer % Correct
NBA (1999-pres.)Vince Carter
78.1%
TeamsToronto Raptors
73.6%
TeamsNew Jersey Nets
65.6%
TeamsAtlanta Hawks
64.6%
NHL (1946-1980)Gordie Howe
62.3%
Teams Detroit Red Wings
58.6%
TeamsDallas Mavericks
56.4%
TeamsOrlando Magic
53.2%
Teams Texas Rangers
52.6%
MLB (1966-1993)Nolan Ryan
50.8%
TeamsMemphis Grizzlies
50.2%
Hint Answer % Correct
Teams Houston Astros
48.3%
TeamsSacramento Kings
46%
Teams New York Mets
45.9%
TeamsPhoenix Suns
45.2%
Teams Oakland Raiders
42.4%
Teams California Angels
42.1%
Teams Chicago Bears
40.4%
NFL (1949-1975)George Blanda
39.3%
Teams Houston Oilers
33%
Teams Hartford Whalers
30.7%
Teams Baltimore Colts
27.9%

You're not logged in!

Compare scores with friends on all Sporcle quizzes.
OR
Log In

Sporcle TV

Today on Sporcle TV


Watch our educational content, quiz creation guides, and fun videos on Sporcle TV.

Show Comments

Extras

Top Quizzes Today


Score Distribution

Paid Content

Your Account Isn't Verified!

In order to create a playlist on Sporcle, you need to verify the email address you used during registration. Go to your Sporcle Settings to finish the process.

Report this User

Report this user for behavior that violates our Community Guidelines.

Details: